Every Rockstar* Game - Statistics

General Stats
  • This quiz has been taken 89 times
  • The average score is 19 of 48
Answer Stats
Hint Answer % Correct
1997 Grand Theft Auto
100%
1999 Grand Theft Auto 2
100%
2013 Grand Theft Auto V
99%
2008 Grand Theft Auto IV
97%
2010 Red Dead Redemption
97%
2001 Grand Theft Auto III
96%
2018 Red Dead Redemption 2
94%
2026 Grand Theft Auto VI
93%
2004 Grand Theft Auto San Andreas
92%
2002 Grand Theft Auto Vice City
86%
2006 Bully
75%
2005 Grand Theft Auto Liberty City Stories
56%
2006 Grand Theft Auto Vice City Stories
56%
2001 Max Payne
56%
2012 Max Payne 3
55%
2004 Red Dead Revolver
55%
2003 Max Payne 2: The Fall of Max Payne
54%
2011 LA Noire
51%
2003 Manhunt
49%
2007 Manhunt 2
45%
2009 Grand Theft Auto Chinatown Wars
41%
2009 Grand Theft Auto IV The Ballad of Gay Tony
31%
2000 Midnight Club: Street Racing
30%
2004 Grand Theft Auto Advance
28%
2003 Midnight Club II
28%
2009 Grand Theft Auto IV The Lost and Damned
27%
2005 Midnight Club 3
27%
1999 Grand Theft Auto London 1969
25%
1999 Grand Theft Auto London 1961
21%
2006 Table Tennis
21%
2005 The Warriors
20%
2010 Red Dead Redemption Undead Nightmare
17%
2008 Midnight Club Los Angeles
15%
2000 Smuggler's Run
13%
2001 Smuggler's Run 2: Hostile Territory
10%
2008 Bully Scholarship Edition
8%
2001 Oni
8%
2002 The Italian Job
8%
2009 Beaterator
6%
2000 Austin Powers: Oh, Behave!
4%
2000 Wild Metal
4%
1999 Earthworm Jim 3D
3%
1999 Thrasher: Skate and Destroy
3%
2016 Bully Anniversary Edition
1%
1999 Monster Truck Madness
1%
2002 State of Emergency
1%
2000 Surfing H3O
0%
2001 You Don't Know Jack
0%
No matching quizzes found
Score Distribution
Percent of People with Each Score
Percentile by Number Answered
Your Score History
You have not taken this quiz